[Event "Senior-DM 50+ 2025"]
[Site "Copenhagen"]
[Date "2025.02.13"]
[Round "6.4"]
[White "Steenstrup, Svend"]
[Black "Petrovski, Petruli"]
[Result "1-0"]
[WhiteElo "1913"]
[BlackElo "1910"]
[WhiteFideId "1409182"]
[BlackFideId "1417673"]
[EventDate "2025.02.08"]
[EventType "swiss"]
[EventRounds "7"]
[EventCountry "DEN"]
[SourceTitle "Live v. Obro Skakforening"]

1. d4 Nf6 2. c4 g6 3. Nc3 Bg7 4. e4 d6 5. f4 O-O 6. Nf3 c5 7. d5 e6 8. dxe6 Bxe6 9. Bd3 Nc6 10. O-O Bg4 11. h3 Bxf3 12. Qxf3 Nd4 13. Qf2 Nd7 14. Be3 a6 15. a4 Re8 16. Rad1 f5 17. exf5 gxf5 18. Kh1 Nf6 19. Bxd4 Ne4 20. Bxe4 cxd4 21. Bd5+ Kh8 22. Rxd4 1-0

[Event "Senior-DM 50+ 2025"]
[Site "Copenhagen"]
[Date "2025.02.14"]
[Round "7.1"]
[White "Molvig, Henrik"]
[Black "Danielsen, Henrik"]
[Result "0-1"]
[WhiteElo "2098"]
[BlackElo "2455"]
[WhiteFideId "1402625"]
[BlackFideId "1400185"]
[EventDate "2025.02.08"]
[EventType "swiss"]
[EventRounds "7"]
[EventCountry "DEN"]
[SourceTitle "Live v. Obro Skakforening"]

1. d4 d6 2. Nf3 Nf6 3. c4 g6 4. Nc3 Bg7 5. e4 O-O 6. Be2 c5 7. d5 e6 8. O-O exd5 9. cxd5 a6 10. a4 Bg4 11. Qc2 Nbd7 12. h3 Bxf3 13. Bxf3 c4 14. Be2 Rc8 15. Be3 Re8 16. Rfe1 Qa5 17. Bf1 Nc5 18. f3 Qb4 19. a5 Nfd7 20. Na4 Nb3 0-1

[Event "Senior-DM 50+ 2025"]
[Site "Copenhagen"]
[Date "2025.02.14"]
[Round "7.3"]
[White "Morkore, Thomas"]
[Black "Rosenberg, Jan"]
[Result "1-0"]
[WhiteElo "1979"]
[BlackElo "1910"]
[WhiteFideId "1411900"]
[BlackFideId "1412531"]
[EventDate "2025.02.08"]
[EventType "swiss"]
[EventRounds "7"]
[EventCountry "DEN"]
[SourceTitle "Live v. Obro Skakforening"]

1. e4 c5 2. Nf3 d6 3. Bb5+ Nc6 4. O-O Bd7 5. Re1 a6 6. Bxc6 bxc6 7. h3 e6 8. b3 Be7 9. Bb2 e5 10. c3 Nh6 11. d4 cxd4 12. cxd4 f6 13. Nc3 O-O 14. Qd3 Qe8 15. Rad1 Ra7 16. Ne2 g5 17. Nh2 c5 18. dxc5 dxc5 19. Nc3 Be6 20. Bc1 c4 21. bxc4 Bb4 22. Re2 Bxc3 23. Qxc3 Qa4 24. Rc2 Qc6 25. Qe3 Rc7 26. Ba3 Rfc8 27. c5 Nf7 28. Ng4 Kg7 29. Qf3 Bxg4 30. hxg4 Qa4 31. Rdc1 Nh6 32. Rc4 1-0

[Event "Senior-DM 50+ 2025"]
[Site "Copenhagen"]
[Date "2025.02.14"]
[Round "7.4"]
[White "Stewart, Tanya Jill Milk"]
[Black "Steenstrup, Svend"]
[Result "0-1"]
[WhiteElo "1921"]
[BlackElo "1913"]
[WhiteFideId "1472291"]
[BlackFideId "1409182"]
[EventDate "2025.02.08"]
[EventType "swiss"]
[EventRounds "7"]
[EventCountry "DEN"]
[SourceTitle "Live v. Obro Skakforening"]

1. d4 d5 2. Nc3 Nf6 3. Bf4 c5 4. e4 Nxe4 5. Nxe4 dxe4 6. dxc5 Qa5+ 7. Qd2 Qxc5 8. O-O-O Nc6 9. Ne2 Bf5 10. Be3 Qb4 11. Qxb4 Nxb4 12. Nd4 Bd7 13. a3 Nc6 14. Nb5 O-O-O 15. Nxa7+ Nxa7 16. Bxa7 Kc7 17. Be3 e5 18. Bc4 f5 19. g3 Be7 20. f4 exf3 21. Bd5 Bc6 22. c4 h6 23. Rhf1 Bxd5 24. cxd5 e4 25. Rd4 Bf6 26. Bf4+ Kb6 27. Rb4+ Ka6 28. Ra4+ Kb5 29. Rb4+ Ka5 30. Bc7+ Ka6 31. d6 Rc8 32. Rd1 Bd8 33. Ra4+ Kb5 34. Rb4+ Kc6 35. Rb6+ Kd7 36. Rxb7 Bxc7 37. dxc7+ Kc6 38. Rb4 Rxc7 39. Rdd4 f2 40. Rd1 e3 41. Kb1 e2 42. Rc1+ Kd7 0-1